Prueba de Andorra - Estadísticas

Estadísticas generales
  • Esta prueba ha sido intentada 2.850 veces
  • La puntuación promedio es 11 de 15
Estadísticas de respuestas
Pista Respuesta % Correcto
Países limítrofes España
99%
Países limítrofes Francia
98%
Capital de Andorra Andorra la {Vieja}
96%
Idioma oficial Catalán
96%
Moneda de Andorra Euro
93%
Andorra está situada completamente dentro de esta cadena montañosa Pirineos
92%
Número de medallas olímpicas que Andorra ha ganado en su historia 0
84%
Nombre completo de Andorra {Principado} de Andorra
80%
Eso explica por qué es el país con la mayor ______ media de Europa Elevación
70%
Grandvalira es este tipo de centro turístico Estación de esquí
59%
La industria que representa 80% del PIB Turismo
59%
Debido a un descuido legal, Andorra estuvo técnicamente en guerra con este país de 1914 a 1958 Alemania
52%
Los dos copríncipes de Andorra {Presidente} de Francia
47%
Los dos copríncipes de Andorra {Diócesis} de Urgel
40%
El rey franco considerado como el fundador de lo que hoy se conoce como Andorra Carlomagno
35%
No se encontraron pruebas coincidentes
Distribución de puntuación
Porcentaje de gente con cada puntuación
Porcentaje por número respondido
Historial de tus puntuaciones
No has intentado esta prueba.